000 00478pab a2200181 454500
008 180718b2011 xxu||||| |||| 00| 0 eng d
100 _aZaman, M.A.
245 _aCurrent issues on climate change and poverty in Bangladesh
260 _c2011
300 _ap.1-17.
362 _aAutumn
650 _aPoverty - Bangladesh
650 _aClimatic change - Bangladesh
650 _aClimatic change
773 _aRegional Development Dialogue
908 _aN
909 _a95769
999 _c95769
_d95769